| 000 | 00784nam a2200229 i 4500 | ||
|---|---|---|---|
| 001 | 116290 | ||
| 003 | ES-MaACL | ||
| 005 | 20251001145316.0 | ||
| 007 | t| | ||
| 008 | 061121s1974 sp a |||| | spa d | ||
| 080 | _a65.012(089.3) | ||
| 100 | 1 |
_aParkinson, C. Northcote. _989190 |
|
| 245 | 1 | 3 |
_aLa ley de Parkinson y otros ensayos / _cNorthcote C. Parkinson ; ilustraciones de Robert C. Osborn ; [traducción de Jaime Gras]. |
| 250 | _a11ª ed. | ||
| 260 |
_aEsplugues de Llobregat : _bAriel, _c1974. |
||
| 300 |
_a158 p. : _bil. ; _c22 cm. |
||
| 650 | 4 |
_aGestión de empresas- _vObras satíricas y humorísticas. _9161403 |
|
| 700 | 1 |
_aOsborn, Robert Chesley, _d1904-1994 _9162093 |
|
| 700 | 1 |
_aGras, Jaime. _959678 |
|
| 852 |
_aES-MaACL _jE-5633 |
||
| 999 |
_c116290 _d116290 |
||